A Bridge too Far (Record no. 313098)
[ view plain ]
| 000 -LEADER | |
|---|---|
| fixed length control field | 00198 a2200097 4500 |
| 001 - CONTROL NUMBER | |
| control field | 78025 |
| 082 ## - DEWEY DECIMAL CLASSIFICATION NUMBER | |
| Classification number | 940.5421 |
| Author Mark | RYA |
| 090 ## - LOCALLY ASSIGNED LC-TYPE CALL NUMBER (OCLC); LOCAL CALL NUMBER (RLIN) | |
| -- | 39350 |
| -- | 39350 |
| 100 ## - MAIN ENTRY--PERSONAL NAME | |
| Personal name | Ryan, C |
| 245 ## - TITLE STATEMENT | |
| Title | A Bridge too Far |
| 942 ## - ADDED ENTRY ELEMENTS (KOHA) | |
| Institution code [OBSOLETE] | CAENUST |
| Call number prefix | 940.5421 RYA |
| Withdrawn status | Lost status | Damaged status | Not for loan | Collection code | Permanent Location | Current Location | Date acquired | Total Checkouts | Full call number | Barcode | Date last seen | Price effective from | Koha item type |
|---|---|---|---|---|---|---|---|---|---|---|---|---|---|
| College of Aeronautical Engineering (CAE) | College of Aeronautical Engineering (CAE) | 04/03/2017 | 940.5421 RYA | CAEG-2159 | 04/05/2017 | 04/05/2017 | Book |
